1984 Pop Songs by Artist and Lyric - Statistics

General Stats
  • This quiz has been taken 487 times
    441 since last reset
  • The average score is 11 of 21
Answer Stats
Lyric Artist Song Title % Correct
If there's something strange in your neighborhood, who you gonna call? Ray Parker, Jr. Ghostbusters
86%
Please, Louise, pull me off of my knees / Jack, get back, come on before we crack Kenny Loggins Footloose
80%
Well can't you see me standing here? / I've got my back against the record machine Van Halen Jump
79%
Left me sleepin' in my bed / I was dreaming, but I should have been with you instead Wham! Wake Me Up Before You Go-Go
76%
Then you say 'go slow' / I fall behind / The second hand unwinds Cyndi Lauper Time After Time
72%
Who needs a heart when a heart can be broken? Tina Turner What's Love Got to Do with It
69%
You shouldn't have to jump for joy Tears for Fears Shout
68%
As the music dies / Something in your eyes / Calls to mind the silver screen / And all its sad goodbyes George Michael Careless Whisper
65%
But what it is, is something true / Made up of these three words that I must say to you Stevie Wonder I Just Called to Say I Love You
61%
Can't stop now / I've traveled so far / To change this lonely life Foreigner I Want to Know What Love Is
60%
You end up like a dog that's been beat too much / Till you spend half your life just covering up Bruce Springsteen Born in the USA
56%
His eyes are like angels but his heart is cold / No need to ask / He's a... Sade Smooth Operator
56%
Move yourself / You always live your life / Never thinking of the future Yes Owner of a Lonely Heart
53%
(instrumental named after movie character) Harold Faltmeyer Axel F
44%
One that won't make me nervous / Wondering what to do / One that makes me feel like I feel when I'm with you Huey Lewis and the News I Want a New Drug
35%
Oh-wo-ho, oh-wo-ho / Caught up in the action / I've been looking out for you Glenn Frey The Heat Is On
35%
Jump back, what's that sound? / Here she comes, full blast and top down Van Halen Panama
34%
Make believe I'm everywhere / Given in the light / Written in the pages / Is the answer to a... Limahl The NeverEnding Story
33%
I, I live among the creatures of the night / I haven't got the will to try and fight Laura Branigan Self Control
28%
I am the son and the heir of a shyness that is criminally vulgar The Smiths How Soon Is Now?
25%
Ever since you've been leaving me / I've been wanting to cry / Now I know how it feels for you / I've been wanting to die Julian Lennon Too Late for Goodbyes
24%
No matching quizzes found
Score Distribution
Percent of People with Each Score
Percentile by Number Answered
Your Score History
You have not taken this quiz since the last reset